000 00954nam a2200301 i 4500
001 bg
100 1 _aZAKRZEWSKI, Tadeusz
245 1 0 _aZagadnienia fizykalne w budownictwie /
_cTadeusz Zakrzewski.
260 _aGliwice :
_bWydaw. Politechniki Śląskiej,
_c2003.
300 _a278 s. :
_brys., wykr. ;
_c24 cm.
504 _aBibliogr.
650 9 _aBudownictwo
_xfizyka
650 9 _aAkustyka budowlana
650 9 _aCiepło
_xbudownictwo
650 9 _aIzolacje cieplne
_xbudownictwo
650 9 _aWilgotność
_xbudownictwo
650 9 _aOświetlenie
_xbudownictwo
650 9 _aPromieniotwórczość
_xbudownictwo
655 _aPodręczniki akademickie
020 _a8373351779
040 _cBPK
041 0 _apol
080 _a624.01/.07:699.8:628.9:53](07.8)
920 _a83-7335-177-9
942 _cKS
008 s pl f |000 0 pol
999 _c45161
_d45161
856 _uhttp://koha.tu.koszalin.pl/cgi-bin/koha/opac-detail.pl?biblionumber=45161
_yKatalog online BPK